Les 15 villes russes les plus peuplées - Statistiques

Statistiques générales
  • Ce quiz a été pris 193 fois
  • Le résultat moyen est 7 sur 15
Statistiques - réponses
Population Ville % Correct
12 108 257 Moscou
100%
5 131 942 Saint-Pétersbourg
97%
1 190 850 Kazan
67%
1 017 985 Volgograd
61%
1 263 873 Nijni-Novgorod
51%
1 172 348 Samara
46%
1 547 910 Novossibirsk
43%
1 166 092 Omsk
41%
1 026 477 Perm
40%
1 109 835 Rostov-sur-le-Don
39%
1 096 702 Oufa
36%
1 412 346 Iekaterinburg
30%
1 014 610 Voronej
27%
1 169 432 Tcheliabinsk
24%
1 035 528 Krasnoïarsk
18%
Aucun quiz correspondant
Distribution des résultats
% des personnes avec chaque résultat
Percentile par nombre de réponses
Votre historique - résultats
Vous n’avez pas pris ce quiz